000 00740nam a2200265 i 4500
001 10694
003 ES-MaACL
005 20240510063012.0
007 t|
008 921026s1990 sp ||||0| spa d
016 7 _zCEN920101743
020 _a8486351111
040 _aCEN
_bspa
_cCEN
080 _a860-1"19"
100 0 _aIzquierdo Abad, Pascual,
_d1951-
_965714
245 1 0 _aEn este fin de siglo /
_cPascual Izquierdo.
250 _a[1ª ed. ].
260 _aGriñón, Madrid :
_bJuan Pastor,
_c1990.
300 _a76 p. ;
_c20 cm.
490 1 _aDevenir ;
_v32
830 0 0 _aDevenir.
_pSerie Poesía ;
_v32
_9236243
852 _aES-MaACL
_jP-1931 N 32
_bR.122636
_910987
942 _2udc
999 _c10694
_d10694